1679 1625 1140 1082 1694 1741 1791 1080 1242 1880 1132 1404 1634 1999 1625 1576 1284 1721 1384 1845 1314 1572 1905 1507 1876 1272 1715 1962 1838 1641 1100 1767 1418 1808 1291 1879 1238 1710 1102 1290 1604 1987 1240 1667 1909 1540 1524 1392 1794 1743 1854 1690 1072 1235 1618 1154 1088 1540 1088 1405 1513 1004 1252 1979 1598 1131 1343 1543 1221 1591 1304 1060 1886 1721 1807 1970 1072 1357 1372 1370 1057 1422 1322 1817 1744 1383 1153 1441 1044 1011 1288 1171 1957 1684 1865 1299 1555 1322 1687 BCNSPRNW ULIB Ver.6.0+V

เปลี่ยนเป็นภาษาไทย

Change to English
 แสดงรายละเอียดบรรณานุกรม
  กลับหน้าหลัก

Brief Record : Get Marc (ISO 2709) : E-mail record : QR code < ปิดหน้าต่าง
LEADER : 00000nam 2200000uu 4500
001    13399111458
003     ULIB
008    110120s2553||||th 000 0 tha d
020    9786165070089
060 04 WB39^bศ324ค 2553
100 0  ศักดิ์ชัย วงศกิตติรักษ์
245 00 คู่มือหมอใหม่ /^cบรรณาธิการ, ศักดิ์ชัย วงศกิตติรักษ์
250    พิมพ์ครั้งที่ 2
260    กรุงเทพฯ :^bหมอชาวบ้าน,^c2553
300    xvii, 318 หน้า :^bภาพประกอบ ;^c15 ซม.
650  7 แพทย์^vคู่มือ
650  7 การรักษาโรค^vคู่มือ
650  7 อายุรศาสตร์^vคู่มือ
945    ^p160^l0^i030190
945    ^p160^l0^i030189
945    ^p160^l0^i030188
945    ^p160^l0^i030186
945    ^p160^l0^i030185
945    ^p160^l0^i030184
945    ^p160^l0^i030187
995    ทศพร
999 ^a ใช้งานได้ทุกระบบ
รายการนี้ยังไม่มีแท็ก
คุณยังไม่ได้ล็อกอิน คุณสามารถมีกิจกรรมร่วมกับเว็บไซต์ได้ แต่ต้องล็อกอินก่อน ::
  ล็อกอิน

รายการสื่อสารสนเทศ

ลำดับที่ ประเภท เลขเรียก/บาร์โค้ด สถานที่ สถานะ
1. วิทยาศาสตร์การแพทย์ และสุขภาพ
วิทยาศาสตร์การแพทย์ และสุขภาพ
WB39 ศ324ค 2553 ฉ.1 
  Barcode: 030184
ห้องสมุดวิทยาเขตสวรรค์ประชารักษ์
►ส่วนจัดเก็บหนังสือเก่า สปร
บนชั้น
  ขอยืม
2. วิทยาศาสตร์การแพทย์ และสุขภาพ
วิทยาศาสตร์การแพทย์ และสุขภาพ
WB39 ศ324ค 2553 ฉ.2 
  Barcode: 030185
ห้องสมุดวิทยาเขตสวรรค์ประชารักษ์
►ส่วนจัดเก็บหนังสือเก่า สปร
บนชั้น
  ขอยืม
3. วิทยาศาสตร์การแพทย์ และสุขภาพ
วิทยาศาสตร์การแพทย์ และสุขภาพ
WB39 ศ324ค 2553 ฉ.3 
  Barcode: 030186
ห้องสมุดวิทยาเขตสวรรค์ประชารักษ์
►ส่วนจัดเก็บหนังสือเก่า สปร
บนชั้น
  ขอยืม
4. วิทยาศาสตร์การแพทย์ และสุขภาพ
วิทยาศาสตร์การแพทย์ และสุขภาพ
WB39 ศ324ค 2553 ฉ.4 
  Barcode: 030187
ห้องสมุดวิทยาเขตสวรรค์ประชารักษ์
►ส่วนจัดเก็บหนังสือเก่า สปร
บนชั้น
  ขอยืม
5. วิทยาศาสตร์การแพทย์ และสุขภาพ
วิทยาศาสตร์การแพทย์ และสุขภาพ
WB39 ศ324ค 2553 ฉ.5 
  Barcode: 030188
ห้องสมุดวิทยาเขตสวรรค์ประชารักษ์
►ส่วนจัดเก็บหนังสือเก่า สปร
บนชั้น
  ขอยืม
6. วิทยาศาสตร์การแพทย์ และสุขภาพ
วิทยาศาสตร์การแพทย์ และสุขภาพ
WB39 ศ324ค 2553 ฉ.6 
  Barcode: 030189
ห้องสมุดวิทยาเขตสวรรค์ประชารักษ์
►ส่วนจัดเก็บหนังสือเก่า สปร
บนชั้น
  ขอยืม
7. วิทยาศาสตร์การแพทย์ และสุขภาพ
วิทยาศาสตร์การแพทย์ และสุขภาพ
WB39 ศ324ค 2553 ฉ.7 
  Barcode: 030190
ห้องสมุดวิทยาเขตสวรรค์ประชารักษ์
►ส่วนจัดเก็บหนังสือเก่า สปร
บนชั้น
  ขอยืม

รายการใกล้เคียง
    ผู้แต่ง [ศักดิ์ชัย วงศกิตติรักษ์]

BibComment


ยังไม่เคยถูกคอมเมนท์

คอมเมนท์ทรัพยากรรายการนี้
  คอมเมนท์: คู่มือหมอใหม่ บร..


 Copyright 2026. Bcnsprnw @Library